000 00371nam a22001217a 4500
082 _a001
_bHEL/W
100 _aHELLER ROBERT,Et al
245 _aTHE WINNERS' MANUAL ESSENTIAL LIFE AND WORK SKILL
_bACHIEVING EXCELLENCE, INFLUENCING PEOPLE,BALANCING WORK&LIFE
260 _aLONDON
_bDK LIMITED
_c2008
300 _a72
650 _aPERSONALITY DEVELOPMENT
_zLONDON
942 _cBK
999 _c1863
_d1863